Privatization in competitive sectors: the record to date (Record no. 288051)

000 -LEADER
fixed length control field 00434cam a22001337a 4500
008 - FIXED-LENGTH DATA ELEMENTS--GENERAL INFORMATION
fixed length control field 180718b2002 xxu||||| |||| 00| 0 eng d
100 ## - MAIN ENTRY--PERSONAL NAME
Personal name Kikeri, Sunita
245 ## - TITLE STATEMENT
Title Privatization in competitive sectors: the record to date
Statement of responsibility, etc. by Sunita Kikeri and John Nellis
260 ## - PUBLICATION, DISTRIBUTION, ETC.
Place of publication, distribution, etc. Washington, D.C.
Name of publisher, distributor, etc. World Bank
Date of publication, distribution, etc. 2002
300 ## - PHYSICAL DESCRIPTION
Extent 50p.
440 ## - SERIES STATEMENT/ADDED ENTRY--TITLE
Title Policy research working paper, no. 2860
650 ## - SUBJECT ADDED ENTRY--TOPICAL TERM
Topical term or geographic name entry element Privatization
700 ## - ADDED ENTRY--PERSONAL NAME
Personal name Nellis, John
Holdings
Withdrawn status Lost status Damaged status Not for loan Permanent Location Current Location Date acquired Barcode Date last seen Price effective from Koha item type
        Indian Institute of Public Administration Indian Institute of Public Administration 2002-09-26 WB9355 2018-07-20 2018-07-20 WB

Powered by Koha